Rozsypanka literowa - miasta we Włoszech - Statystyki

Ogólne statystyki
  • Ten quiz został rozwiązany 1 680 razy
  • Średni wynik to 10 z 21
Statystyki odpowiedzi
Miasto % Poprawnych
Rzym
94%
Piza
89%
Como
88%
Turyn
85%
Bari
79%
Neapol
76%
Parma
76%
Padwa
73%
Mediolan
70%
Wenecja
70%
Genua
67%
Lecce
66%
Rimini
62%
Florencja
57%
Werona
56%
Monza
55%
Palermo
55%
Bolonia
51%
Triest
44%
Trydent
43%
Bergamo
42%
Siena
40%
Cagliari
39%
Perugia
39%
Livorno
38%
Modena
37%
Ferrara
35%
Katania
33%
Lukka
31%
Pescara
28%
Syrakuzy
28%
Brescia
27%
Mesyna
27%
Rawenna
25%
Bolzano
22%
Vicenza
22%
Salerno
15%
Matera
14%
Tarent
14%
Sassari
13%
Nie znaleziono quizów pasujących do podanych kryteriów
Rozkład punktacji
Procent ludzi z każdym wynikiem
Percentyl według liczby udzielonych odpowiedzi
Twoja historia wyników
Nie rozwiązałeś tego quizu